000 00556nam a2200181Ia 4500
005 20250326144133.0
008 250326s9999 xx 000 0 und d
037 _aTextbook
040 _aFMSL
_beng
_cFMSL
041 _aeng
_2eng
084 _aX8(D65).42 L4
_qFMSL
100 _aApo Study Mission Report
_9736051
245 0 _aElectronics industry in Japan
_cApo Study Mission Report
260 _aNew Delhi
_bNew Delhi, National Productivity Council
_c1974
300 _a45p
942 _cTB
_hX8(D65).42 L4
999 _c1302512
_d1302512